000 01446cam a2200349 i 4500
001 4683
003 Mx-PuUPA
005 20260416125711.0
008 140415s2017 caua fr 000 0 eng d
020 _a9781624650345
040 _cMx-PuUPA
_aMx-PuUPA
_bspa
_dMx-PuUPA
_erda
041 0 _aeng
100 1 _aSilver, Stephen,
_d1972-
_eautor
_918026
245 1 4 _aThe silver way :
_btechniques, tips, and tutorials for effective character design /
_cby Stephen Silver
250 _aFirst edition /
_bmarch
264 1 _a[Los Angeles, CA] :
_bDesign Studio Press,
_c©2017
300 _a248 páginas :
_bilustraciones (algunas en color) ;
_c23 cm
336 _2rdacontent
_atexto
_btxt
336 _2rdacontent
_aimagen fija
_bsti
337 _2rdamedia
_asin medio
_bn
338 _2rdacarrier
_avolumen
_bnc
650 7 _2armarc
_aCaricaturas y dibujos animados
_xTécnica
650 7 _2armarc
_aFigura humana en el arte
_xTécnica
650 7 _2armarc
_aHumorismo gráfico
650 7 _2armarc
_aPersonajes de dibujos animados
650 7 _2armarc
_aTiras cómicas, historietas, etc.,
_xTécnica
942 _2ddc
_cLI
_h741.5
_iS58
999 _c4683
_d4683